<?xml version="1.0" encoding="UTF-8"?>
<record
    xmlns:xsi="http://www.w3.org/2001/XMLSchema-instance"
    xsi:schemaLocation="http://www.loc.gov/MARC21/slim http://www.loc.gov/standards/marcxml/schema/MARC21slim.xsd"
    xmlns="http://www.loc.gov/MARC21/slim">

  <leader>00387nam a22001577a 4500</leader>
  <controlfield tag="003">SGT</controlfield>
  <datafield tag="020" ind1=" " ind2=" ">
    <subfield code="a">9789350713761</subfield>
  </datafield>
  <datafield tag="082" ind1=" " ind2=" ">
    <subfield code="a">510,ARO</subfield>
  </datafield>
  <datafield tag="100" ind1=" " ind2=" ">
    <subfield code="a">ARORA S. R.</subfield>
  </datafield>
  <datafield tag="245" ind1=" " ind2=" ">
    <subfield code="a">BUSINESS MATHEMATICS &amp; STATISTICS </subfield>
  </datafield>
  <datafield tag="260" ind1=" " ind2=" ">
    <subfield code="a">NEW DELHI </subfield>
    <subfield code="b">TAXMANN</subfield>
    <subfield code="c">2014</subfield>
  </datafield>
  <datafield tag="300" ind1=" " ind2=" ">
    <subfield code="a">774</subfield>
  </datafield>
  <datafield tag="650" ind1=" " ind2=" ">
    <subfield code="a">MATHEMATICS </subfield>
  </datafield>
  <datafield tag="653" ind1=" " ind2=" ">
    <subfield code="a">MATRICES, CALCULUS, MATHEMATICS OF FINANCE,TABLES</subfield>
  </datafield>
  <datafield tag="942" ind1=" " ind2=" ">
    <subfield code="2">ddc</subfield>
    <subfield code="c">FCM</subfield>
    <subfield code="0">3</subfield>
  </datafield>
  <datafield tag="952" ind1=" " ind2=" ">
    <subfield code="0">0</subfield>
    <subfield code="1">0</subfield>
    <subfield code="2">ddc</subfield>
    <subfield code="4">0</subfield>
    <subfield code="7">1</subfield>
    <subfield code="8">CM</subfield>
    <subfield code="a">SSSL</subfield>
    <subfield code="b">SSSL</subfield>
    <subfield code="c">REF</subfield>
    <subfield code="d">2016-07-01</subfield>
    <subfield code="e">KIRTI PARKASHAN </subfield>
    <subfield code="g">450.00</subfield>
    <subfield code="i">SGTU</subfield>
    <subfield code="o">510,ARO</subfield>
    <subfield code="p">CM646</subfield>
    <subfield code="r">2016-07-01 00:00:00</subfield>
    <subfield code="w">2016-03-15</subfield>
    <subfield code="y">FCM</subfield>
    <subfield code="k">2365</subfield>
  </datafield>
  <datafield tag="952" ind1=" " ind2=" ">
    <subfield code="0">0</subfield>
    <subfield code="1">0</subfield>
    <subfield code="2">ddc</subfield>
    <subfield code="4">0</subfield>
    <subfield code="7">0</subfield>
    <subfield code="8">CM</subfield>
    <subfield code="a">SSSL</subfield>
    <subfield code="b">SSSL</subfield>
    <subfield code="c">TXT</subfield>
    <subfield code="d">2016-07-01</subfield>
    <subfield code="e">KIRTI PARKASHAN </subfield>
    <subfield code="g">450.00</subfield>
    <subfield code="i">SGTU</subfield>
    <subfield code="l">18</subfield>
    <subfield code="m">2</subfield>
    <subfield code="o">510,ARO</subfield>
    <subfield code="p">CM647</subfield>
    <subfield code="r">2020-12-18 00:00:00</subfield>
    <subfield code="s">2020-03-11</subfield>
    <subfield code="w">2016-03-15</subfield>
    <subfield code="y">FCM</subfield>
    <subfield code="k">2365</subfield>
  </datafield>
  <datafield tag="952" ind1=" " ind2=" ">
    <subfield code="0">0</subfield>
    <subfield code="1">0</subfield>
    <subfield code="2">ddc</subfield>
    <subfield code="4">0</subfield>
    <subfield code="7">0</subfield>
    <subfield code="8">CM</subfield>
    <subfield code="a">SSSL</subfield>
    <subfield code="b">SSSL</subfield>
    <subfield code="c">TXT</subfield>
    <subfield code="d">2016-07-01</subfield>
    <subfield code="e">KIRTI PARKASHAN </subfield>
    <subfield code="g">450.00</subfield>
    <subfield code="i">SGTU</subfield>
    <subfield code="l">17</subfield>
    <subfield code="m">1</subfield>
    <subfield code="o">510,ARO</subfield>
    <subfield code="p">CM648</subfield>
    <subfield code="r">2023-01-17 00:00:00</subfield>
    <subfield code="s">2023-01-09</subfield>
    <subfield code="w">2016-03-15</subfield>
    <subfield code="y">FCM</subfield>
    <subfield code="k">2365</subfield>
  </datafield>
  <datafield tag="999" ind1=" " ind2=" ">
    <subfield code="c">9399</subfield>
    <subfield code="d">9399</subfield>
  </datafield>
</record>
